Normal view MARC view

Entry Nome pessoal

Number of records used in: 1

001 - NÚMERO DE CONTROLE

  • campo de controle: 939

003 - IDENTIFICADOR DO NÚMERO DE CONTROLE

  • campo de controle: OSt

005 - DATA E HORÁRIO DA ÚLTIMA TRANSAÇÃO

  • campo de controle: 20250624141356.0

008 - CAMPO DE DADOS FIXOS

  • campo de controle de tamanho fixo: 250624|| aca||aabn | a|a d

040 ## - FONTE DA CATALOGAÇÃO

  • Instituição da catalogação original: OSt

100 ## - CABEÇALHO--NOME PESSOAL

  • Nome pessoal: Hirohiko Araki,
  • Datas associadas ao nome: 1960-

Powered by Koha